00528 2200169 4500245004200000020002200042250001100064100001900075650002000094005001900114260003300133041001400166084000800180300002500188500013600213336000900349 aPacar Isi UlangcEndik KoeswoyohText a978-602-191-243-0 aCet. 1 aEndik Koeswoyo aNovel Indonesia a20231004133959 aYogyakartabDIVA Pressc2012 aIndonesia a813 a194 hlm. :c18.5 cm. amas anu adalah seorang konsultan cinta. pria satu ini dikenal dengan banyak sebutan , mulaim dari dukun asmara hingga dokter cinta. atext